000 00261nam a2200097Ia 4500
001 769178
005 20250826165432.0
008 250824s9999 xx 000 0 und d
245 0 _aBİLİMİN İLK KAŞİFLERİ 3
_cZEHRA AYDÜZ
260 _bUĞUR BÖCEĞİ YAYINLARI
999 _c769178
_d769178